00681nam a2200169 i 4500001000300000100002700003245013600030260001900166490006100185500003100246830006200277040000800339041000800347080001700355008004100372856009800413bg1 aBANACHEWICZ, Wiesława 0aBadanie wpływu parametrów wzmocnienia na nośność stalowych cylindrycznych powłok użebrowanych pionowo /cW.Banachewicz. aLublin,c1988.1 aPrace Naukowe Politechniki Lubelskiej. Budownictwo ;v27 aNumeracja ser. gł. : 175. 0aPrace Naukowe Politechniki Lubelskiej.pBudownictwo ;v27 cBPK apol a624.07:620.1 s pl f |000 0 pol  uhttp://koha.tu.koszalin.pl/cgi-bin/koha/opac-detail.pl?biblionumber=28734yKatalog online BPK